000 00629nam a2200265Ia 4500
005 20260306172716.0
008 008 260114s9999 xx 000 0 eng d
020 _a9789388028172
037 _aEBOOK
040 _aCRL
040 _beng
040 _cCRL
041 _2eng
041 _aeng
084 _qCRL
100 _aMangal, S. K., Mangal, Shubhra
_91131215
245 0 _aCreating An Inclusive School
260 _bPHI
260 _c2025
650 _aEducation
856 _uhttps://elibrary.phindia.com/ebooks/reader/9789388028172
942 _cEBOOK
999 _c1714853
_d1714853